000
00325 a2200157 4500
001
179225
020
_a
040
_c
Magnum
100
_a
Gastelois, Maria Magdalena Lana
240
1
0
_a
Pedacinho
_l
por
245
1
0
_a
Pedacinho
362
0
_a
1899
440
1
_a
LĂȘ
697
_a
MAGNITO: I/FADAS, FANTASIA
942
_c
BK
999
_c
179225
_d
179225